thank u, next By Ariana Grande all songs - Statistics

General Stats
  • This quiz has been taken 40 times
  • The average score is 11 of 12
Answer Stats
Number Song Title % Correct
Song 10 7 rings
100%
Song 11 thank u, next
100%
Song 4 bloodline
97%
Song 8 ghostin
97%
Song 12 break up with your girlfriend, i'm bored
93%
Song 1 imagine
93%
Song 3 NASA
93%
Song 6 bad idea
90%
Song 9 in my head
86%
Song 2 needy
86%
Song 5 fake smile
83%
Song 7 make up
79%
No matching quizzes found
Score Distribution
Percent of People with Each Score
Percentile by Number Answered
Your Score History
You have not taken this quiz